LIBRARY & INFORMATION CENTRE, KCAET, TAVANUR

ONLINE PUBLIC ACCESS CATALOGUE (OPAC)

Ground water hand book / (Record no. 5473)

MARC details
000 -LEADER
fixed length control field 00731cam a2200193ua 4500
041 ## - LANGUAGE CODE
Language code of text/sound track or separate title eng
082 ## - DEWEY DECIMAL CLASSIFICATION NUMBER
Classification number 028.71553
Item number USE/GR
245 ## - TITLE STATEMENT
Title Ground water hand book /
250 ## - EDITION STATEMENT
Edition statement 1 /
260 ## - PUBLICATION, DISTRIBUTION, ETC. (IMPRINT)
Place of publication Jaipur :
Name of publisher Academic Press ,
Year of publication 1987.
300 ## - PHYSICAL DESCRIPTION
Number of Pages 202 ; .
942 ## - ADDED ENTRY ELEMENTS (KOHA)
Koha item type Books
Holdings
Withdrawn status Lost status Damaged status Home library Current library Date acquired Full call number Accession Number Koha item type
      KAUAET KAUAET 07/04/2012 028.71553 16963 Books
      KAUAET KAUAET 07/04/2012 028.71553 16964 Books
free website counter